Villes au cinema - Statistiques

Statistiques générales
  • Ce quiz a été pris 18 fois
  • Le résultat moyen est 5 sur 20
Statistiques - réponses
Indices Villes % Correct
Ville où se trouve l'appartement où vivent les jeunes européens dans l'auberge espagnole (2002) BARCELONE
81%
Ville où Kim et son amie sont enlevées dans Taken (2008) PARIS
56%
Ville qui est le théatre d'une éruption volcanique dans le film Volcano (1997) LOS ANGELES
44%
Ville où se déroule l'histoire du film Le Pianiste (2002) VARSOVIE
44%
Ville où se déroule l'histoire du film Conjuring 2 Le Cas Enfield (2016) LONDRES
31%
Ville fictive où un clown tue et terrorise des enfants dans CA (2017) DERRY
25%
Ville frappée par d'énormes grêlons dans le film le Jour d'après (2004) TOKYO
25%
Ville fictive californienne où se déroule Scream (1996) WOODSBORO
25%
Ville où se trouve la banque attaquée par la bande de l'Indien dans Et pour quelques dollars de plus (1965) EL PASO
19%
Ville où Hannibal Lecter est conservateur temporaire d'une bibliothèque dans le film Hannibal (2001) FLORENCE
19%
Ville où on apprend que Jill a épousé Mc Bain dans Il était une fois dans l'Ouest (1968) LA NOUVELLE ORLEANS
19%
Ville où 4 jeunes se retrouvent pour explorer des galeries souterraines dans Urban Explorer (2011) BERLIN
13%
Ville du Maryland où 3 jeunes réalisent un documentaire dans le Projet Blair Witch (1999) BURKITTSVILLE
13%
Ville de l'equipe de football américain des Sharks dans l'Enfer du Dimanche (1999) MIAMI
13%
Ville où un journaliste enregistre dans une chambre d'hotel le récit d'un vampire dans Entretien avec un vampire (1994) SAN FRANCISCO
13%
Ville d'Oklahoma où vit tante Meg touchée dans la nuit par une tornade dans le film Twister (1996) WAKITA
13%
Ville de départ du plan du Pr Henry Jones Senior menant au lieu où est préservé le saint Graal dans Indiana Jones et la dernière croisade (1989) ALEXANDRETTA
6%
Ville fictive où Alan Parrish vit enfant avant d'être aspiré par un jeu dans Jumanji (1995) BRANTFORD
6%
Ville du Mexique où Red rejoint Andy dans Les Evadés (1994) ZIHUATANEJO
6%
Petite bourgade mexicaine à la frontière que se dispute les Baxter et les Rojo dans Pour une poignée de dollars (1964) SAN MIGUEL
0%
Aucun quiz correspondant
Distribution des résultats
% des personnes avec chaque résultat
Percentile par nombre de réponses
Votre historique - résultats
Vous n’avez pas pris ce quiz